| 000 | 00929nam a2200265 i 4500 | ||
|---|---|---|---|
| 001 | 74990 | ||
| 003 | ES-SlBC | ||
| 005 | 20211123011022.0 | ||
| 008 | 130822s2005 fr |||||||spa d fre | ||
| 020 | _a2204078166 | ||
| 035 | _aUNAV (114925) | ||
| 040 |
_aUNAV _bspa _dES-SlBC |
||
| 041 |
_afre _agrc |
||
| 100 | 1 |
_aJosefo, Flavio _917276 |
|
| 245 | 1 | 4 |
_aLes antiquités juives. _n4, _pLivres VIII et IX _cFlavius Josèphe ; établissement du texte, traduction et notes par Étienne Nodet |
| 260 |
_aParis : _bLes éditions du Cerf, _c2005 |
||
| 300 |
_aLXXXII, 208 p. ; _c20 cm |
||
| 504 | _aIncluye referencias bibliográficas en v. 1 (p. [XXXVII]-XLIV) | ||
| 546 | _aTexto en griego y paralelo en francés | ||
| 630 | 0 | 4 |
_aBiblia _pA.T. _xHistoria de acontecimientos bíblicos _917277 |
| 650 | 0 | 4 |
_aJudíos _xHistoria _917278 |
| 650 | 0 | 4 |
_aLiteratura Griega _913266 |
| 700 | 1 |
_aNodet, Étienne _910473 |
|
| 942 |
_2lcc _cBK |
||
| 999 |
_c234223 _d234223 |
||